000 00622nam a2200205Ia 4500
003 GCL
008 140319s9999 xx 000 0 ara d
040 _aGCL /
_cGCL
082 0 4 _a811.094
_bح و
100 1 _aحسن طلب
245 1 0 _aوشم على نهدى فتاه (هدية من الاديب عبدالفتاح الجمل) /
_cحسن طلب
300 _a111 ص
490 _aكتاب
_v0
650 0 4 _aالشعر العربى
650 0 4 _aالادب العربى
650 0 4 _aالادب
650 0 4 _aالشعر الحر
650 0 4 _aالشعر العربى - العصر الحديث
942 _2ddc
_cBK
999 _c41165
_d41165